Normal view
MARC view
- Ruhnka, John.
Entry Personal Name
001 - CONTROL NUMBER
- control field: 42987
003 - CONTROL NUMBER IDENTIFIER
- control field: OSt
005 - DATE AND TIME OF LATEST TRANSACTION
- control field: 20210209153707.0
008 - FIXED-LENGTH DATA ELEMENTS
- fixed length control field: 210209|| aca||aabn | a|a d
040 ## - CATALOGING SOURCE
- Original cataloging agency: OSt
- Transcribing agency: OSt
100 ## - HEADING--PERSONAL NAME
- Personal name: Ruhnka, John.
670 ## - SOURCE DATA FOUND
- Source citation: Work cat.: (OSt): Ruhnka, John., Business e-mails and potential liability: , ©2012.
